000 00714nam a2200253Ia 4500
003 OSt
005 20221005050137.0
006 a|||||r|||| 00| 0
007 ta
008 221004b |||||||| |||| 00| 0 ben d
020 _a8170792371 (hbk)
024 _a17920
037 _bGift, 26/05/2015,
_cTextual
040 _aCRL
_cCRL
_bben
041 _2ben
_aben
082 _aP157v, P4.2
100 _aMajumder Paresh Chandra
_9594157
245 0 _aBangla bhasha parikrama
260 _aKolkatta
_bDey's Publishing India
_c2004
300 _a640p.
_ccm.
650 _aLINGUISTICS
942 _hP157v, P4.2
_cTEXL
_2cc
999 _c956423
_d956423